000 00537ntaaa2200205 4500
003 01
005 20251027202706.0
008 0714s1973 ag 01
040 _aAR-BaBN
_bspa
_cAR-BaBN
_eaacr
_dRIC
082 _a468.8000 C316
100 _aCarrion, Miguel Ramos
_926551
245 _aZargüeta
250 _a1 ed.
260 _aOklahoma City :
_bHarlow Publishing Co.,
_c1930
300 _a145 p
500 _aComedia en dos actos y en prosa
650 _aliteratura española
_916709
700 _aAza, Vital
_926552
942 _cBK
999 _c22066
_d22066